LEADER 01116nam0 22003013i 450 001 TO01295106 005 20231121125844.0 100 $a20200914d1988 ||||0itac50 ba 101 | $aita 102 $ait 181 1$6z01$ai $bxxxe 182 1$6z01$an 200 1 $aAntigone$fSalvador Espriu$gtraduzione di Olimpio Musso 210 $aPalermo$cAssemblea Regionale sicilana$d1988 215 $a46 p.$cill.$d23 cm. 606 $aSofocle . Antigone$xTraduzioni italiane$2FIR$3RMLC429605$9E 700 1$aEspriu$b, Salvador$3CFIV117156$4070$0156145 702 1$aMusso$b, Olimpio$3CFIV035916 790 1$aMusso$b, Olympius$3CFIV035929$zMusso, Olimpio 790 1$aEspriu i Castelló$b, Salvador$3CAGV437994$zEspriu, Salvador 801 3$aIT$bIT-01$c20200914 850 $aIT-FR0017 899 $aBiblioteca umanistica Giorgio Aprea$bFR0017 $eN 912 $aTO01295106 950 0$aBiblioteca umanistica Giorgio Aprea$d 52DLM C /B /27$e 52DUP0009044905 VMB RS $fA $h20200914$i20200914 977 $a 52 996 $aAntigone$93638697 997 $aUNICAS LEADER 01794nam0 22004093i 450 001 BVE0032299 005 20251003044050.0 010 $a8815033343 020 $aIT$b92-8782 100 $a19960416d1991 ||||0itac50 ba 101 | $aita$cita 102 $ait 181 1$6z01$ai $bxxxe 182 1$6z01$an 183 1$6z01$anc$2RDAcarrier 200 1 $aˆLa ‰fiera delle tasse$estati nazionali e mercato globale nell'età del consumismo$fGiulio Tremonti, Giuseppe Vitaletti 210 $aBologna$cIl mulino$d\1991! 215 $a240 p.$d21 cm. 225 | $aContemporanea$v49 410 0$1001CFI0006117$12001 $aContemporanea$v49 500 10$aˆLa ‰fiera delle tasse$3TSA1861782$9CFIV021817$952129 606 $aItalia$xPolitica economica$2FIR$3CFIC100310$9E 676 $a336.2$9Fisco$v14 676 $a336.2$9TASSE E TASSAZIONE$v19 676 $a336.2$9TASSE E TASSAZIONE$v21 676 $a336.3$9PRESTITO PUBBLICO, DEBITO PUBBLICO, SPESA PUBBLICA, POLITICA TRIBUTARIA$v20 676 $a336.3$9$v21 700 1$aTremonti$b, Giulio$3CFIV021817$4070$089693 701 1$aVitaletti$b, Giuseppe$3CFIV021819$4070$0122700 801 3$aIT$bIT-000000$c19960416 850 $aIT-BN0095 $aIT-AV0007 901 $bNAP 01$cPOZZO LIB.$nVi sono collocati fondi di economia, periodici di ingegneria e scienze, periodici di economia e statistica e altri fondi comprendenti documenti di economia pervenuti in dono. 912 $aBVE0032299 950 0$aBiblioteca Centralizzata di Ateneo$c1 v.$d 01POZZO LIB.ECON MON 8432$e 0101 0000084545E VMA 1 v. (Precedente collocazione: GUERRAZZI A 2)$fB $h20070709$i20070709 977 $a 01$a AV 996 $aFiera delle tasse$952129 997 $aUNISANNIO